000 01064nam a22003377a 4500
001 0057232
003 KOHA_MİRAKIL
005 20260207004114.0
007 ta
008 160425b2006 tu |||gr||||#0|||1|tur |
020 _a9789754710519
040 _aTR-BiSEU
_btur
_cTR-BiSEU
_erda
041 0 _atur
044 _ctu
050 _aPE1131
_b.C36 2006
100 1 _aÇankaya, Birsem.
245 0 _aİngilizce hemen konuşma kılavuzu/
_cBirsen Çankaya, Gül Dönmez, Susan Rosefield.
264 1 _a :
_b
_c2006
300 _a287 sayfa ;
_c15 cm.
336 _ametin
_btxt
_2rdacontent
337 _aaracısız
_bn
_2rdamedia
338 _acilt
_bnc
_2rdacarrier
650 0 _aİngiliz dili, Yabancı dil olarak
_9106005
650 0 _aİngiliz dili --Eğitim ve öğretim
_9106006
650 0 _aKonuşma kılavuzu--İngilizce
_9106007
650 0 _aEnglish language as a foreign language
_9106008
650 0 _a English language--Study and teaching
_9106009
650 0 _aSpeaking manual --English
_9106010
907 _aDil
942 _2lcc
_cBK
999 _c57037
_d57037